Los Pobres urbanos

Guardat en:
Dades bibliogràfiques
Format: Text
Matèries:
Etiquetes: Afegir etiqueta
Sense etiquetes, Sigues el primer a etiquetar aquest registre!

MARC

LEADER 00000 a a2200000 04500
001 12855
003
040
245 |a Los Pobres urbanos  
650 |a POBREZA  
650 |a VIVIENDA URBANA  
650 |a RIESGOS PARA LA SALUD  
650 |a DESIGUALDAD RURAL URBANA  
650 |a CONDICIONES DE VIVIENDA  
650 |a SERVICIOS PUBLICOS  
650 |a SECTOR INFORMAL  
650 |a TENENCIA DE LA TIERRA  
650 |a POBREZA  
650 |a MORTALIDAD INFANTIL  
773 |g volumen 30, número 4; páginas 7-10  
999 |c 24789  |d 24789